02797cam a2200301 i 45000010009000000050017000090060019000260070015000450080041000600100017001010200018001180350013001360400028001490410012001770420008001890500008001971000032002052450161002372500019003982640068004173000033004855000038005185040051005565050495006075201354011026500015024567000024024712186892320260227125402.0m |o d | cr |||||||||||201217s2022 nyu ob 001 0 eng  a 2020057177 a9781138914407 a21868923 aDLCbengcDLCerdadDLC aEnglish apcc10aP90 aLong, Paul,d1967-eauthor.10aMedia studies b: texts, production, context c/ Paul Long, Beth Johnson, Shana MacDonald, Schem Rogerson, and Tim Wall ; with Vian Bakir and Andrew McStay. aThird edition. 1aLondon ;aNew York :bRoutledge, Taylor & Francis Group,c2022. axviii, 414 p. : ill ; 27 cm. aRevised edition of Media studies. aIncludes bibliographical references and index. aHow do media make meaning? — Organising meaning in media texts: genre and narrative — Media representations — Reality media — The business of the media — Media regulation and policy — Media production in a global age — Producing audiences: what do media do to people? — Investigating audiences: what do people do with media? — Media power — Conceptualising mass society — Modernism, postmodernism and after — The consumer society and advertising — Media histories. aThis thoroughly revised and updated third edition provides a comprehensive introduction to the various approaches to the field, explaining why media messages matter, how media businesses prosper and why media is integral to defining contemporary life. The text is divided into three parts – Media texts and meanings; Producing media; and Media and social contexts –  exploring the ways in which various media forms make meaning; are produced and regulated; and how society, culture and history are defined by such forms. Encouraging students to actively engage in media research and analysis, each chapter seeks to guide readers through key questions and ideas in order to empower them to develop their own scholarship, expertise and investigations of the media worlds in which we live. Fully updated to reflect the contemporary media environment, the third edition includes new case studies covering topics such as Brexit, podcasts, Love Island, Captain Marvel, Black Lives Matter, Netflix, data politics, the Kardashians, President Trump, ‘fake news’, the post-Covid world and perspectives on global media forms. This is an essential introduction for undergraduate and postgraduate students of media studies, cultural studies, communication studies, film studies, the sociology of the media and popular culture.cProvided by publisher. 0aMass media aWall, Tim,eauthor.